<?xml version="1.0" encoding="UTF-8"?>
<record
    xmlns:xsi="http://www.w3.org/2001/XMLSchema-instance"
    xsi:schemaLocation="http://www.loc.gov/MARC21/slim http://www.loc.gov/standards/marcxml/schema/MARC21slim.xsd"
    xmlns="http://www.loc.gov/MARC21/slim">

  <leader>00732nam a2200217 a 4500</leader>
  <controlfield tag="001">1950</controlfield>
  <controlfield tag="003">CDMR</controlfield>
  <controlfield tag="005">20151030104202.0</controlfield>
  <controlfield tag="008">130130s1986||||||||||||||||||||||||fre|d</controlfield>
  <datafield tag="020" ind1=" " ind2=" ">
    <subfield code="a">222580723X</subfield>
  </datafield>
  <datafield tag="040" ind1=" " ind2=" ">
    <subfield code="a">CDMR</subfield>
    <subfield code="b">cat</subfield>
    <subfield code="c">CDMR</subfield>
  </datafield>
  <datafield tag="100" ind1="1" ind2=" ">
    <subfield code="9">390</subfield>
    <subfield code="a">Moles, Abraham Andr&#xE9;</subfield>
  </datafield>
  <datafield tag="245" ind1=" " ind2=" ">
    <subfield code="a">Th&#xE9;orie structurale de la communication et soci&#xE9;t&#xE9;</subfield>
    <subfield code="c">Abraham A. Moles ; avec la collaboration de elisabeth Rohmer ; pr&#xE9;face de E. Lisle</subfield>
  </datafield>
  <datafield tag="260" ind1=" " ind2=" ">
    <subfield code="a">Paris [etc.]</subfield>
    <subfield code="b">Masson</subfield>
    <subfield code="c">1986</subfield>
  </datafield>
  <datafield tag="300" ind1=" " ind2=" ">
    <subfield code="a">294 p.</subfield>
  </datafield>
  <datafield tag="490" ind1="0" ind2=" ">
    <subfield code="a">Collection Technique et Scientifique des T&#xE9;l&#xE9;communications</subfield>
  </datafield>
  <datafield tag="650" ind1="0" ind2="4">
    <subfield code="9">2085</subfield>
    <subfield code="a">Comunicaci&#xF3;</subfield>
    <subfield code="x">Teoria</subfield>
  </datafield>
  <datafield tag="650" ind1="0" ind2="4">
    <subfield code="9">4289</subfield>
    <subfield code="a">Comunicaci&#xF3;</subfield>
    <subfield code="x">Aspectes socials</subfield>
  </datafield>
  <datafield tag="650" ind1="0" ind2="4">
    <subfield code="9">388</subfield>
    <subfield code="a">Comunicaci&#xF3; humana</subfield>
  </datafield>
  <datafield tag="942" ind1=" " ind2=" ">
    <subfield code="c">MON</subfield>
    <subfield code="2">udc</subfield>
  </datafield>
  <datafield tag="999" ind1=" " ind2=" ">
    <subfield code="c">1950</subfield>
    <subfield code="d">1950</subfield>
  </datafield>
  <datafield tag="952" ind1=" " ind2=" ">
    <subfield code="0">0</subfield>
    <subfield code="1">0</subfield>
    <subfield code="4">0</subfield>
    <subfield code="7">0</subfield>
    <subfield code="a">CDMR</subfield>
    <subfield code="b">CDMR</subfield>
    <subfield code="d">2013-01-16</subfield>
    <subfield code="l">0</subfield>
    <subfield code="o">Cc 2/1</subfield>
    <subfield code="p">CDMR1312613415</subfield>
    <subfield code="r">2013-12-09</subfield>
    <subfield code="w">2013-12-09</subfield>
    <subfield code="y">MON</subfield>
  </datafield>
</record>
